[Event "Montreal op"]
[Site "Montreal"]
[Date "2013.09.07"]
[Round "3"]
[White "Cvetkovic, Simeon"]
[Black "Lopez Linares, Lizandro Fernando"]
[Result "0-1"]
[WhiteElo "1964"]
[BlackElo "2059"]
[PlyCount "152"]
[EventDate "2013.09.06"]
[EventType "swiss"]
[EventRounds "5"]
[EventCountry "CAN"]
[SourceTitle "EXT 2022"]
[Source "ChessBase"]
[SourceDate "2021.10.06"]
[SourceVersion "1"]
[SourceVersionDate "2021.10.06"]
[SourceQuality "1"]

1. g3 d5 2. Bg2 Nf6 3. Nf3 g6 4. 0-0 Bg7 5. d3 0-0 6. Nbd2 Nbd7 7. e4 dxe4 8. Nxe4 c6 9. Re1 h6 10. Qe2 Nb6 11. h3 Nxe4 12. Qxe4 e6 13. d4 a5 14. Ne5 Nd5 15. c4 Nf6 16. Qe3 Bd7 17. b3 Re8 18. a4 Qc7 19. Ba3 Rad8 20. Rad1 Bc8 21. f4 Nd7 22. h4 h5 23. Bf3 Nxe5 24. dxe5 b6 25. Bd6 Qb7 26. Qe4 Bd7 27. Rd3 Ra8 28. Red1 Rec8 29. g4 hxg4 30. Bxg4 Ra7 31. Bf3 Be8 32. R1d2 b5 33. Bc5 bxc4 34. Qxc4 Raa8 35. Kg2 Qa6 36. Qc1 Bh6 37. Kg3 Rab8 38. Bd1 Kg7 39. Be2 Rb7 40. Rc3 Qa8 41. Qd1 Rbb8 42. Bc4 Rd8 43. Rcd3 Rd5 44. Bxd5 cxd5 45. Rc3 d4 46. Rxd4 Bc6 47. Bd6 Rh8 48. Bc7 Bh1 49. Qg1 Kh7 50. Kh2 Bd5 51. Qg3 Rc8 52. Bd6 Rxc3 53. Qxc3 Bh1 54. Qg3 Qb7 55. Rc4 Bc6 56. b4 axb4 57. Rxb4 Qa6 58. Qf2 Qd3 59. Rd4 Qb1 60. Kg3 Qb3+ 61. Kh2 Qb1 62. Kg3 Qb3+ 63. Kg4 Bxa4 64. Be7 Qb1 65. Rd8 Bd1+ 66. Kg3 Qb3+ 67. Kh2 Bf3 68. Bg5 Bg7 69. Rd7 Kg8 70. Rd8+ Kh7 71. Rd2 Bd5 72. Rd4 Bf8 73. Rd2 Qb1 74. Rc2 Qh1+ 75. Kg3 Bb4 76. Re2 Bc5 0-1

[Event "Montreal op"]
[Site "Montreal"]
[Date "2013.09.07"]
[Round "2"]
[White "Poulin, Mathieu"]
[Black "Cvetkovic, Simeon"]
[Result "0-1"]
[WhiteElo "2080"]
[BlackElo "1964"]
[PlyCount "58"]
[EventDate "2013.09.06"]
[EventType "swiss"]
[EventRounds "5"]
[EventCountry "CAN"]
[SourceTitle "EXT 2022"]
[Source "ChessBase"]
[SourceDate "2021.10.06"]
[SourceVersion "1"]
[SourceVersionDate "2021.10.06"]
[SourceQuality "1"]

1. d4 d6 2. c4 f5 3. Nf3 Nf6 4. g3 g6 5. Bg2 Bg7 6. 0-0 0-0 7. Nc3 c6 8. Re1 Na6 9. Bg5 h6 10. Bf4 g5 11. Bc1 Qe8 12. e4 fxe4 13. Nxe4 Nxe4 14. Rxe4 Bf5 15. Re3 Qf7 16. Qe2 Rae8 17. Rb3 e5 18. dxe5 dxe5 19. Qe3 b6 20. Nd2 e4 21. Rb1 c5 22. a3 Bd4 23. Qe1 Kg7 24. Ra1 Bg6 25. Re3 Nb8 26. Nf1 Nc6 27. Bd2 Ne5 28. Bc3 Nd3 29. Qd2 Qxf2+ 0-1

[Event "Quebec-ch classe"]
[Site "Montreal"]
[Date "2012.01.22"]
[Round "5"]
[White "Cvetkovic, Simeon"]
[Black "Couture, Jonathan"]
[Result "1-0"]
[WhiteElo "1989"]
[BlackElo "1812"]
[PlyCount "85"]
[EventDate "2012.01.20"]
[EventType "swiss"]
[EventRounds "5"]
[EventCountry "CAN"]
[SourceTitle "EXT 2022"]
[Source "ChessBase"]
[SourceDate "2021.10.06"]
[SourceVersion "1"]
[SourceVersionDate "2021.10.06"]
[SourceQuality "1"]

1. g3 Nf6 2. Bg2 d5 3. d3 e5 4. Nd2 Nc6 5. e4 d4 6. Ne2 Bc5 7. h3 0-0 8. f4 exf4 9. gxf4 Nh5 10. Nf3 Be7 11. 0-0 f6 12. c3 dxc3 13. bxc3 g5 14. d4 gxf4 15. Nxf4 Nxf4 16. Bxf4 Kh8 17. Rb1 Bd6 18. Nh4 Rg8 19. Kh1 Rxg2 20. Kxg2 Qg8+ 21. Kh2 Qxa2+ 22. Ng2 Qe6 23. Qf3 Ne7 24. Bxd6 Qxd6+ 25. Qf4 f5 26. Qxd6 cxd6 27. exf5 Nxf5 28. Rbe1 Bd7 29. Ne3 Nxe3 30. Rxe3 Rg8 31. Re7 Bc6 32. Rf2 Bd5 33. Rc7 b5 34. Rxa7 Bc4 35. Rd7 Rg6 36. Rg2 d5 37. Rxg6 hxg6 38. Kg3 Kg8 39. Kf4 Kf8 40. Kg5 Ke8 41. Rg7 Bd3 42. Rxg6 Kd7 43. h4 1-0

[Event "Montreal op 91st"]
[Site "Montreal"]
[Date "2011.09.09"]
[Round "1"]
[White "Hamilton, Robert"]
[Black "Cvetkovic, Simeon"]
[Result "1-0"]
[WhiteElo "2301"]
[BlackElo "2065"]
[PlyCount "129"]
[EventDate "2011.09.09"]
[EventType "swiss"]
[EventRounds "5"]
[EventCountry "CAN"]
[SourceTitle "CBM 144 Extra"]
[Source "ChessBase"]
[SourceDate "2011.10.28"]
[SourceVersion "1"]
[SourceVersionDate "2011.10.28"]
[SourceQuality "1"]

1. d4 Nf6 2. c4 e6 3. Nf3 Bb4+ 4. Bd2 Be7 5. Nc3 d5 6. e3 0-0 7. Rc1 Nbd7 8. Bd3 dxc4 9. Bxc4 c5 10. 0-0 b6 11. Qe2 Bb7 12. Rfd1 Qb8 13. e4 cxd4 14. Nxd4 h6 15. f3 Bd6 16. g3 Bc5 17. Be3 Ne5 18. Bb3 Rd8 19. Rd2 Ba6 20. Qd1 Nc6 21. Kg2 Nxd4 22. Bxd4 Bxd4 23. Rxd4 Rxd4 24. Qxd4 Qc7 25. Rd1 e5 26. Qb4 Rd8 27. Rxd8+ Qxd8 28. Nd5 Nxd5 29. Bxd5 Qd7 30. Qc3 Qd6 31. a4 Kf8 32. b4 b5 33. Bc6 bxa4 34. b5 Bc8 35. Qa5 Qe7 36. Qxa4 Qc7 37. Bd5 f6 38. Ba2 Ke7 39. Qb3 Ke8 40. Qc4 Kd8 41. g4 Qd7 42. Kg3 h5 43. h3 g5 44. Qb4 h4+ 45. Kg2 Qe7 46. Qd2+ Qd7 47. Bd5 Ke7 48. Qa5 Kf8 49. Qc3 Kg7 50. Qc5 Kg6 51. Kf2 Kg7 52. Ke3 Kg6 53. Kd2 Kg7 54. Kc3 Kg6 55. Bc6 Qf7 56. Qd6 Be6 57. Qd8 Kg7 58. Qd6 Kg6 59. Kb4 Bc8 60. Qd8 a5+ 61. Kc5 Kg7 62. Qxc8 Qa7+ 63. b6 Qe7+ 64. Kb5 Qb4+ 65. Ka6 1-0

[Event "Quebec-ch opB"]
[Site "Montreal"]
[Date "2010.07.29"]
[Round "7"]
[White "Cvetkovic, Simeon"]
[Black "Poulin, Mathieu"]
[Result "1-0"]
[WhiteElo "1901"]
[BlackElo "2078"]
[PlyCount "91"]
[EventDate "2010.07.24"]
[EventType "swiss"]
[EventRounds "9"]
[EventCountry "CAN"]
[SourceTitle "EXT 2013"]
[Source "ChessBase"]
[SourceDate "2012.11.22"]
[SourceVersion "1"]
[SourceVersionDate "2012.11.22"]
[SourceQuality "1"]

1. b3 e5 2. Bb2 Nc6 3. e3 d5 4. Bb5 Bd6 5. f4 Qh4+ 6. Kf1 Qe7 7. Nf3 f6 8. Nc3 Be6 9. e4 dxe4 10. Nxe4 exf4 11. d4 Bd7 12. Qd2 0-0-0 13. Re1 Qf8 14. c4 Bb4 15. Bc3 Bxc3 16. Qxc3 Kb8 17. Nc5 a6 18. Bxc6 Bxc6 19. Ne6 Qd6 20. Nxd8 Qxd8 21. d5 Bd7 22. Qb4 Nh6 23. Qe7 Nf5 24. Qxd8+ Rxd8 25. Kf2 c6 26. dxc6 Bxc6 27. Rd1 Kc7 28. Rxd8 Kxd8 29. Nd4 Nxd4 30. Rd1 Ke7 31. Rxd4 g5 32. a3 h5 33. b4 h4 34. Rd2 Ke6 35. Re2+ Kf5 36. h3 Kg6 37. Re7 f5 38. b5 axb5 39. cxb5 Bd5 40. Rd7 Be4 41. a4 g4 42. a5 f3 43. gxf3 Bxf3 44. a6 bxa6 45. b6 gxh3 46. Kxf3 1-0

[Event "Quebec-ch opB"]
[Site "Montreal"]
[Date "2010.07.24"]
[Round "1"]
[White "Libersan, Thierry"]
[Black "Cvetkovic, Simeon"]
[Result "1/2-1/2"]
[WhiteElo "2118"]
[BlackElo "1901"]
[PlyCount "81"]
[EventDate "2010.07.24"]
[EventType "swiss"]
[EventRounds "9"]
[EventCountry "CAN"]
[SourceTitle "EXT 2013"]
[Source "ChessBase"]
[SourceDate "2012.11.22"]
[SourceVersion "1"]
[SourceVersionDate "2012.11.22"]
[SourceQuality "1"]

1. e4 e6 2. d4 d5 3. Nc3 dxe4 4. Nxe4 Nd7 5. Nf3 Ngf6 6. Bg5 Be7 7. Bxf6 Nxf6 8. Nxf6+ Bxf6 9. Qd2 c5 10. 0-0-0 Qb6 11. c3 cxd4 12. Nxd4 Bxd4 13. Qxd4 Qxd4 14. Rxd4 Bd7 15. Bd3 Bc6 16. Rd1 Ke7 17. Be4 Bxe4 18. Rxe4 Rad8 19. Red4 Rxd4 20. Rxd4 Rd8 21. Rxd8 Kxd8 22. c4 Kd7 23. b4 Kd6 24. Kd2 f5 25. f4 e5 26. c5+ Kd5 27. fxe5 Kxe5 28. Ke3 g5 29. g3 Kd5 30. Kd3 h6 31. h4 a6 32. h5 a5 33. a3 axb4 34. axb4 f4 35. gxf4 gxf4 36. Ke2 Kc4 37. Kf3 Kxb4 38. Kxf4 Kxc5 39. Kf5 b5 40. Kg6 b4 41. Kxh6 1/2-1/2

[Event "Quebec-ch U20"]
[Site "Montreal"]
[Date "2010.03.14"]
[Round "4"]
[White "Kraiouchkine, Nikita"]
[Black "Cvetkovic, Simeon"]
[Result "1-0"]
[WhiteElo "2258"]
[BlackElo "1934"]
[PlyCount "91"]
[EventDate "2010.03.12"]
[EventType "swiss"]
[EventRounds "5"]
[EventCountry "CAN"]
[SourceTitle "EXT 2013"]
[Source "ChessBase"]
[SourceDate "2012.11.22"]
[SourceVersion "1"]
[SourceVersionDate "2012.11.22"]
[SourceQuality "1"]

1. e4 g6 2. d4 d6 3. Nc3 c6 4. f4 Bg7 5. Nf3 Nd7 6. Be3 Qc7 7. Bd3 Ngf6 8. h3 0-0 9. 0-0 e5 10. Qe1 Re8 11. Qh4 exd4 12. Nxd4 a6 13. Rfe1 c5 14. Nf3 b5 15. f5 Bb7 16. fxg6 hxg6 17. Ng5 Nf8 18. a3 Ne6 19. Kh1 Nxg5 20. Bxg5 Nh7 21. Bd2 Qe7 22. Qf2 Rad8 23. Rad1 Be5 24. b3 Bd4 25. Qf3 Qf6 26. Rf1 Qxf3 27. gxf3 Kg7 28. Rb1 Rh8 29. a4 b4 30. Ne2 Bf6 31. Nf4 Ng5 32. Kg2 Rh7 33. Rh1 Rdh8 34. Be1 Be5 35. Bg3 Re8 36. h4 Ne6 37. Nxe6+ Rxe6 38. Bc4 Re7 39. Bxe5+ dxe5 40. Rbd1 Rh8 41. Rd6 Ra8 42. Rhd1 Ra7 43. Rd8 a5 44. R1d6 f5 45. Rg8+ Kh6 46. Rgxg6+ 1-0

[Event "Quebec-ch U20"]
[Site "Montreal"]
[Date "2010.03.12"]
[Round "1"]
[White "Cvetkovic, Simeon"]
[Black "Nevarko, Serguei"]
[Result "1-0"]
[WhiteElo "1934"]
[BlackElo "1248"]
[PlyCount "43"]
[EventDate "2010.03.12"]
[EventType "swiss"]
[EventRounds "5"]
[EventCountry "CAN"]
[SourceTitle "EXT 2013"]
[Source "ChessBase"]
[SourceDate "2012.11.22"]
[SourceVersion "1"]
[SourceVersionDate "2012.11.22"]
[SourceQuality "1"]

1. b3 d5 2. Bb2 Nc6 3. Nf3 Nf6 4. g3 Bf5 5. Bg2 Qd7 6. d3 0-0-0 7. h3 h5 8. c4 e6 9. Nbd2 Bd6 10. a3 Rde8 11. b4 b6 12. Rc1 dxc4 13. Nxc4 b5 14. Nce5 Nxe5 15. Nxe5 Bxe5 16. Bxe5 Kd8 17. Rxc7 Qxc7 18. Bxc7+ Kxc7 19. Qc2+ Kd8 20. Qc6 Ke7 21. Qxb5 Rc8 22. Qb7+ 1-0

[Event "Montreal Saturday op 01"]
[Site "Montreal"]
[Date "2010.01.13"]
[Round "2"]
[White "Cvetkovic, Simeon"]
[Black "Lange, David"]
[Result "1/2-1/2"]
[WhiteElo "1926"]
[BlackElo "1960"]
[PlyCount "78"]
[EventDate "2010.01.06"]
[EventType "tourn"]
[EventRounds "5"]
[EventCountry "CAN"]
[SourceTitle "EXT 2011"]
[Source "ChessBase"]
[SourceDate "2010.11.26"]
[SourceVersion "1"]
[SourceVersionDate "2010.11.26"]
[SourceQuality "1"]

1. e4 e5 2. f4 exf4 3. Nf3 d6 4. Bc4 Be6 5. Qe2 Nd7 6. d4 Bxc4 7. Qxc4 Nb6 8. Qb3 Qe7 9. 0-0 0-0-0 10. Nc3 g5 11. a4 a6 12. a5 Nd7 13. Qc4 c6 14. b4 Kb8 15. d5 Rc8 16. Qd4 Ne5 17. dxc6 Rxc6 18. Nd5 Nxf3+ 19. Rxf3 Qe5 20. Bb2 Bg7 21. c3 h5 22. Nb6 Qxd4+ 23. cxd4 Ne7 24. Rd1 Rc2 25. Bc3 Nc6 26. Kf1 Re8 27. Nc4 Kc7 28. Na3 Ra2 29. d5 Ne5 30. Bxe5 Bxe5 31. Nc4 g4 32. Rf2 Rxf2+ 33. Kxf2 Re7 34. Rd3 f6 35. Nxe5 fxe5 36. h3 Kd8 37. Rc3 Rc7 38. Rxc7 Kxc7 39. h4 b6 1/2-1/2

[Event "Montreal Saturday op 01"]
[Site "Montreal"]
[Date "2010.01.06"]
[Round "1"]
[White "Leveille, Francois"]
[Black "Cvetkovic, Simeon"]
[Result "1-0"]
[WhiteElo "2289"]
[BlackElo "1926"]
[PlyCount "61"]
[EventDate "2010.01.06"]
[EventType "tourn"]
[EventRounds "5"]
[EventCountry "CAN"]
[SourceTitle "EXT 2011"]
[Source "ChessBase"]
[SourceDate "2010.11.26"]
[SourceVersion "1"]
[SourceVersionDate "2010.11.26"]
[SourceQuality "1"]

1. d4 d5 2. c4 c6 3. Nf3 Nf6 4. Qc2 e6 5. Bg5 Qa5+ 6. Bd2 Qc7 7. cxd5 exd5 8. Nc3 Be7 9. Bg5 Be6 10. e3 Nbd7 11. Bd3 h6 12. Bh4 0-0 13. 0-0 Rfe8 14. Bg3 Qd8 15. h3 Rc8 16. Rab1 c5 17. Bf5 Qb6 18. Rfc1 Red8 19. Na4 Qa6 20. Bxe6 fxe6 21. Nxc5 Nxc5 22. dxc5 Rxc5 23. Qg6 Rf8 24. Nd4 Rfc8 25. Rd1 Bf8 26. Be5 Be7 27. a4 Rc4 28. b3 Rb4 29. Rbc1 Rc6 30. Rxc6 bxc6 31. Nxe6 1-0

[Event "Montreal Saturday op 11"]
[Site "Montreal"]
[Date "2009.11.18"]
[Round "1"]
[White "Gagnon, Serge"]
[Black "Cvetkovic, Simeon"]
[Result "1-0"]
[WhiteElo "1954"]
[BlackElo "1933"]
[PlyCount "141"]
[EventDate "2009.11.18"]
[EventType "tourn"]
[EventRounds "5"]
[EventCountry "CAN"]
[SourceTitle "EXT 2011"]
[Source "ChessBase"]
[SourceDate "2010.11.26"]
[SourceVersion "1"]
[SourceVersionDate "2010.11.26"]
[SourceQuality "1"]

1. d4 Nf6 2. c4 e6 3. Nf3 d5 4. Nc3 c6 5. cxd5 exd5 6. Bg5 Bf5 7. e3 Nbd7 8. Ne5 Qb6 9. Qd2 Nxe5 10. dxe5 Ne4 11. Nxe4 Bxe4 12. a3 h6 13. Bh4 a5 14. f3 Bh7 15. Be2 Bc5 16. Bf2 0-0 17. 0-0 Rad8 18. Qc3 d4 19. exd4 Bxd4 20. Bxd4 Qxd4+ 21. Qxd4 Rxd4 22. Rad1 Rfd8 23. Kf2 Bc2 24. Rxd4 Rxd4 25. Ke3 Rd8 26. Rc1 Bb3 27. Rc3 Bd5 28. g3 Re8 29. Kd4 f6 30. Re3 Kf7 31. f4 fxe5+ 32. Rxe5 Rxe5 33. Kxe5 Ke7 34. Bd3 Bf3 35. Bf5 Bd5 36. h4 Bf3 37. Be6 h5 38. Bf5 Be2 39. Be4 Bg4 40. Bg6 b6 41. Be4 Bd7 42. Bf3 g6 43. Be4 Be8 44. f5 gxf5 45. Bxf5 Bf7 46. g4 hxg4 47. Bxg4 Kf8 48. Kd6 b5 49. Kxc6 Bc4 50. Kc5 Bd3 51. Bd7 b4 52. Bb5 bxa3 53. bxa3 Bc2 54. Kb6 a4 55. Kc5 Kg7 56. Kd4 Kh6 57. Be8 Bb3 58. Kc3 Bd1 59. Kb4 Bc2 60. Bxa4 Be4 61. Be8 Bc2 62. Bf7 Bd3 63. a4 Ba6 64. a5 Kg7 65. Bd5 Kf6 66. Kc5 Ke5 67. Kb6 Bd3 68. Bc6 Bc4 69. Bb5 Bd5 70. a6 Kd6 71. a7 1-0

[Event "Montreal Saturday op 10"]
[Site "Montreal"]
[Date "2009.10.07"]
[Round "1"]
[White "Dumont, Felix"]
[Black "Cvetkovic, Simeon"]
[Result "0-1"]
[WhiteElo "1844"]
[BlackElo "1831"]
[PlyCount "114"]
[EventDate "2009.10.07"]
[EventType "tourn"]
[EventRounds "5"]
[EventCountry "CAN"]
[SourceTitle "EXT 2011"]
[Source "ChessBase"]
[SourceDate "2010.11.26"]
[SourceVersion "1"]
[SourceVersionDate "2010.11.26"]
[SourceQuality "1"]

1. e4 c5 2. c4 Nc6 3. Nf3 e5 4. Nc3 Nf6 5. d3 d6 6. Be2 Be7 7. 0-0 0-0 8. Ne1 Ne8 9. f4 f5 10. exf5 Bxf5 11. g4 Be6 12. f5 Bf7 13. Bf3 Rb8 14. Nd5 Nc7 15. Nxc7 Qxc7 16. g5 Nd4 17. Be4 Be8 18. g6 Bc6 19. gxh7+ Kh8 20. Nf3 Bxe4 21. dxe4 Bf6 22. Ng5 Qe7 23. h4 Qe8 24. Nf3 Qc6 25. Qd3 Nxf5 26. Nxe5 Bxe5 27. Rxf5 Rxf5 28. exf5 Re8 29. Be3 Qf3 30. Qd2 Bf4 31. Bxf4 Re2 32. Qxe2 Qxe2 33. Bxd6 Qe3+ 34. Kh1 Qe4+ 35. Kh2 Qd4 36. Rg1 Qxd6+ 37. Rg3 Kxh7 38. a3 Qf4 39. b3 Qxf5 40. b4 Qf2+ 41. Kh3 Qf1+ 42. Kh2 Qxc4 43. bxc5 Qxc5 44. Kh3 Qf5+ 45. Kh2 Qf2+ 46. Kh3 Qxg3+ 47. Kxg3 b5 48. Kf4 a5 49. Ke4 b4 50. axb4 axb4 51. Kd4 Kh6 52. Kc4 Kh5 53. Kxb4 Kxh4 54. Kc4 g5 55. Kd3 Kg3 56. Ke2 g4 57. Kf1 Kh2 0-1

[Event "Quebec Interclubs sf final"]
[Site "Montreal"]
[Date "2009.05.10"]
[Round "5"]
[White "Giroux, Robert"]
[Black "Cvetkovic, Simeon"]
[Result "1/2-1/2"]
[WhiteElo "1931"]
[BlackElo "1626"]
[PlyCount "46"]
[EventDate "2009.05.08"]
[EventType "team"]
[EventRounds "5"]
[EventCountry "CAN"]
[SourceTitle "EXT 2011"]
[Source "ChessBase"]
[SourceDate "2010.11.26"]
[SourceVersion "1"]
[SourceVersionDate "2010.11.26"]
[SourceQuality "1"]

1. e4 c5 2. Nc3 Nc6 3. f4 g6 4. Nf3 Bg7 5. Bb5 Nd4 6. 0-0 Nxb5 7. Nxb5 a6 8. Nc3 d6 9. d3 e6 10. Qe1 Ne7 11. Bd2 0-0 12. Qg3 b5 13. Rae1 d5 14. f5 exf5 15. exd5 Nxd5 16. Bg5 f6 17. Ne5 Bb7 18. Bh4 f4 19. Qh3 Bc8 20. Qf3 Bb7 21. Qh3 Bc8 22. Qf3 Bb7 23. Qh3 Bc8 1/2-1/2

[Event "Lanaudiere U1400"]
[Site "Repentigny"]
[Date "2008.08.16"]
[Round "2"]
[White "Cvetkovic, Simeon"]
[Black "Belanger, Gervais"]
[Result "1-0"]
[WhiteElo "1264"]
[BlackElo "1078"]
[PlyCount "47"]
[EventDate "2008.08.15"]
[EventType "swiss"]
[EventRounds "5"]
[EventCountry "CAN"]
[SourceTitle "EXT 2011"]
[Source "ChessBase"]
[SourceDate "2010.11.26"]
[SourceVersion "1"]
[SourceVersionDate "2010.11.26"]
[SourceQuality "1"]

1. e4 e5 2. Nf3 Nf6 3. Nxe5 d6 4. Nf3 Nxe4 5. d4 d5 6. c4 c6 7. Nc3 Bb4 8. Bd2 Bg4 9. Be2 Qf6 10. cxd5 Nxd2 11. Qxd2 0-0 12. 0-0 cxd5 13. Rfe1 Nc6 14. Rad1 h6 15. Ne5 Be6 16. Bf3 Rfe8 17. a3 Bd6 18. Bxd5 Nxe5 19. dxe5 Bxe5 20. Bxe6 Rxe6 21. Re3 Rae8 22. g3 Rd6 23. Ne4 Rxd2 24. Nxf6+ 1-0